000 00560nam a22002177a 4500
003 UA-OsUOA
001 46386
007 ta
008 20070614b un ||||| |||| 00| 0 ukr d
100 _aШулікін Д.
090 _a008(477)
_bШ-11
942 _cSA
040 _aUA-OsUOA
_bukr
_cUA-OsUOA
_dUA-OsUOA
245 _aТаємниця Ізборніка Святослава
300 _aС.4-5
955 _a0
041 _aukr
080 _a008(477)
773 0 _w46385
650 7 _a008 Цивілізація. Культура. Прогрес
_2UDC
999 _c332482
_d332482